Fr. Conceicao Rodrigues College of Engineering

Procedure handbook of Arc Welding (Record no. 33849)

MARC details
000 -LEADER
fixed length control field 00282nam a2200121Ia 4500
082 ## - DEWEY DECIMAL CLASSIFICATION NUMBER
Classification number 671.5
100 ## - MAIN ENTRY--PERSONAL NAME
Personal name Lincoln Electric
245 ## - TITLE STATEMENT
Title Procedure handbook of Arc Welding
260 ## - PUBLICATION, DISTRIBUTION, ETC.
Name of publisher, distributor, etc. Lincoln Electric & co
Place of publication, distribution, etc. Ohio
Date of publication, distribution, etc. 1973
546 ## - LANGUAGE NOTE
Language note ENGLISH
654 ## - SUBJECT ADDED ENTRY--FACETED TOPICAL TERMS
Focus term Arc Welding
942 ## - ADDED ENTRY ELEMENTS (KOHA)
Koha item type BOOK
Holdings
Withdrawn status Lost status Damaged status Not for loan Collection Home library Current library Date acquired Cost, normal purchase price Inventory number Total Checkouts Full call number Barcode Date last seen Cost, replacement price Price effective from Koha item type
        AFT Fr. Agnel's C.Rodrigues College of Engineering Fr. Agnel's C.Rodrigues College of Engineering 17/03/2023 150.00 t-8   671.5 AFT1451 17/03/2023 150.00 17/03/2023 BOOK